Statystyki dla Legendy Premier League cz.3

Kliknij tutaj aby rozwiązać quiz!

Ogólne statystyki

  • Ten quiz został rozwiązany 260 razy
  • Średni wynik to 5 z 7

Statystyki odpowiedzi

OpisKrajZawodnik% Poprawnych
Wychowanek Manchesteru United. Znany ze swoich świetnych rzutów wolnych takich jak ten z Grecją na wagę awansu na MŚ 2002. Obecnie właściciel klubu Inter Miami grającego w MLS.AngliaDavid Beckham
98%
Uczestnik finału Ligi Mistrzów w 1999 roku. Jego syn jest obecnie jednym z lepszych bramkarzy w Premier League.DaniaPeter Schmeichel
89%
Po zakończeniu przez Erica Cantone kariery, został kapitanem Manchesteru United. W skutek starcia z Alfiem-Inge Haalandem doznał kontuzji więzadeł krzyżowych. Kiedy 4 lata po kontuzji nadarzyła się okazja na odegranie się, dokonał niebezpiecznego wślizgu na skutek którego Haaland musiał zakończyć karierę.IrlandiaRoy Keane
88%
Na początku swojej kariery był w tym samym klubie co Edison Cavani. Najlepszy strzelec spoza Wielkiej Brytanii w historii Premier League. W ostatnich miesiącach streamuje na Twitchu grę FIFA.ArgentynaSergio Agüero
83%
Tak jak w pierwszym quizie była mowa o "Latającym Holendrze" to tego można śmiało nazwać "Nielatającym Holendrem", a wiąże się to z jego lękiem latania samolotem. Dzięki zasługom w Arsenalu doczekał się pomnika przed Emirates Stadium.HolandiaDennis Bergkamp
68%
Po wygraniu z FC Porto Ligi Mistrzów zapracował na transfer do Chelsea. Razem z Johnem Terrym tworzył w obronie The Blues duet nie do przejścia. Pomimo swoich świetnych statystyk, mało się o nim obecnie słyszy.PortugaliaRicardo Carvalho
61%
Wychowanek Kanonierów. Znany jako "Mr.Arsenal". Tak jak poprzedni zawodnik doczekał się pomnika przed stadionem.Najbardziej utytułowany kapitan w historii klubu w którym jest legendą.AngliaTony Adams
33%

Rozkład punktacji

Percentyl według liczby udzielonych odpowiedzi

Procent ludzi z każdym wynikiem

Twoja historia wyników

Nie rozwiązałeś tego quizu